Статья А. Ф. Кони "Задачи трудовой помощи"

Доступно только в Электронных читальных залах Найти на картеНа карте
RUSMARC
00003548nac2a22002411x 450
0015249cd7c-848e-4aad-b15a-b9bdcb374e6b
00520131008005108.0
100##$a20130529l1897 k y0rusy50 ca
1010#$arus
102##$aRU
105##$ay z |||||
1220#$ad189711
2001#$aСтатья А. Ф. Кони "Задачи трудовой помощи"
$jНоябрь 1897
$eВырезка из журнала "Трудовая помощь" за 1897 г.
215##$a10 листов
251##$cДело
300##$aТипографский текст
330##$aДокументальные материалы, отложившиеся в результате творческой деятельности А. Ф. Кони; Статьи А. Ф. Кони по этике и публицистического характера
461#0$10013a54f2e3-e9cf-409b-80fa-f0a9bd3c40cb
$12001
$aКони Анатолий Федорович, юрист, литератор, член академии наук, председатель Санкт-Петербургского окружного суда, член государственного совета
$1251
$cФонд
$1852
$j564
462#0$100178a475cd-a47d-4377-bff3-cee4b81de655
$12001
$aОпись дел фонда А. Ф. Кони за 1880-1931 гг.
$1251
$cОпись
$1852
$j1
600#1$aКони
$bА. Ф.
$f1844-1927
$gАнатолий Федорович
801#0$aRU
$bGA_RF
801#1$aRU
$bНПО Опыт
$c20130529
$2rusmarc
801#2$aRU
$bПБ им. Б.Н. Ельцина
$c20131008
$gRCR
$2rusmarc
852##$aГА РФ
$j159
937##$d38136093
$hПБ
035##$aRuPRLIB51000641
Формат отображения